| 000 | 00609nam a2200253 a 4500 | ||
|---|---|---|---|
| 001 | nice12345678 | ||
| 003 | IN_TiNIC | ||
| 005 | 20260116012414.0 | ||
| 008 | 050524s1948 lona grp 000 0 eng | ||
| 020 |
_a _c100 |
||
| 082 | 0 | 0 |
_a234.3 _bMIC |
| 100 | _aMicklem, Nathaniel | ||
| 245 | _aDoctrine of Our Redemption | ||
| 260 |
_aLondon _bEyre & Spottiswoode _c1948 |
||
| 300 | _a128p | ||
| 500 | _aincludes index and biblioraphy | ||
| 505 | 2 | _aIndex | |
| 650 | _aTheology-Redemption | ||
| 650 | _aAtonement | ||
| 700 | 1 | _aMicklem, Nathaniel | |
| 902 | _bSRS | ||
| 942 | _cBK | ||
| 999 |
_c6890 _d6890 |
||